000 00661nam a2200229 a 4500
008
020 _a0702026271 (pbk)
049 _aMAIN
090 _aRC454
_bSIM
100 1 _aSims, Andrew C.P.
245 1 0 _aSymptoms in the mind :
_ban introduction to descriptive psychopathology /
_cAndrew C.P. Sims
250 _a3rd ed.
260 _aLondon :
_bSaunders,
_c2003.
300 _aix, 451 p. :
_bill. ;
_c24 cm.
500 _aIncludes index.
650 _aSymptoms in the mind.
907 _a.b10263147
_b19-08-09
_c04-06-09
003
005 20230120204014.0
040 _cNUST
942 _cBOOKS
_kRC454
_mSIM
999 _c115425
_d115425